000 00298nam a2200133 i 4500
001 bg
245 0 _aDielektriki i poluprovodniki. Vyp.10.
260 _aKiev,
_c1976.
040 _cBPK
041 _apol
080 _a621.315.5:621.38
942 _cKS
008 s pl f |000 0 pol
999 _c27428
_d27428
856 _uhttp://koha.tu.koszalin.pl/cgi-bin/koha/opac-detail.pl?biblionumber=27428
_yKatalog online BPK